ARRUPE JESUIT UNIVERSITY

CORONAVIRUS -STOP THE SPREAD - CLEAN,DISINFECT,COVER

Byron : (Record no. 130144)

MARC details
000 -LEADER
fixed length control field 01247cam a2200313 a 4500
001 - CONTROL NUMBER
control field 1637686
003 - CONTROL NUMBER IDENTIFIER
control field ARRUPE
005 - DATE AND TIME OF LATEST TRANSACTION
control field 20200121121536.0
008 - FIXED-LENGTH DATA ELEMENTS--GENERAL INFORMATION
fixed length control field 961224s1997 maua b 001 0beng
010 ## - LIBRARY OF CONGRESS CONTROL NUMBER
LC control number 96054044
020 ## - INTERNATIONAL STANDARD BOOK NUMBER
International Standard Book Number 0395693799 :
Terms of availability $40.00
040 ## - CATALOGING SOURCE
Original cataloging agency DLC
Transcribing agency DLC
Modifying agency DLC
043 ## - GEOGRAPHIC AREA CODE
Geographic area code e-uk---
050 00 - LIBRARY OF CONGRESS CALL NUMBER
Classification number PR4381
Item number .G67 1997
082 00 - DEWEY DECIMAL CLASSIFICATION NUMBER
Classification number 821/.7
-- B
Edition number 21
300 ## - PHYSICAL DESCRIPTION
Other physical details ill. ;
Dimensions 25 cm.
100 1# - MAIN ENTRY--PERSONAL NAME
Personal name Grosskurth, Phyllis.
9 (RLIN) 43817
245 10 - TITLE STATEMENT
Title Byron :
Remainder of title the flawed angel /
Statement of responsibility, etc Phyllis Grosskurth.
246 30 - VARYING FORM OF TITLE
Title proper/short title Flawed angel
260 ## - PUBLICATION, DISTRIBUTION, ETC. (IMPRINT)
Place of publication, distribution, etc London :
Name of publisher, distributor, etc Hodder and Stoughton,
Date of publication, distribution, etc 1997.
300 ## - PHYSICAL DESCRIPTION
Extent xvii, 510 p. :
504 ## - BIBLIOGRAPHY, ETC. NOTE
Bibliography, etc Includes bibliographical references (p. 479-492) and index.
600 10 - SUBJECT ADDED ENTRY--PERSONAL NAME
Personal name Byron, George Gordon Byron,
Titles and other words associated with a name Baron,
Dates associated with a name 1788-1824.
9 (RLIN) 48938
650 #0 - SUBJECT ADDED ENTRY--TOPICAL TERM
Topical term or geographic name as entry element Poets, English
Chronological subdivision 19th century
General subdivision Biography.
9 (RLIN) 48939
856 42 - ELECTRONIC LOCATION AND ACCESS
Materials specified Publisher description
Uniform Resource Identifier <a href="http://www.loc.gov/catdir/enhancements/fy0728/96054044-d.html">http://www.loc.gov/catdir/enhancements/fy0728/96054044-d.html</a>
856 42 - ELECTRONIC LOCATION AND ACCESS
Materials specified Contributor biographical information
Uniform Resource Identifier <a href="http://www.loc.gov/catdir/enhancements/fy0736/96054044-b.html">http://www.loc.gov/catdir/enhancements/fy0736/96054044-b.html</a>
906 ## - LOCAL DATA ELEMENT F, LDF (RLIN)
a 7
b cbc
c orignew
d 1
e ocip
f 19
g y-gencatlg
942 ## - ADDED ENTRY ELEMENTS (KOHA)
Source of classification or shelving scheme Library of Congress Classification
Koha item type Monograph ( Printed materials)
Holdings
Withdrawn status Lost status Source of classification or shelving scheme Damaged status Not for loan Collection code Home library Current library Shelving location Date acquired Total Checkouts Full call number Barcode Date last seen Price effective from Koha item type
    Library of Congress Classification     Main Collection ARRUPE LIBRARY ARRUPE LIBRARY Main Collection 21/01/2020   PR4381 .G67 1997 46600006156 21/01/2020 21/01/2020 Monograph ( Printed materials)

 

Arrupe Library. PO Box MP320 Mt Pleasant, Harare, Zimbabwe
263 242 745411|librarian@aju.ac.zw